MDQL
is popping MORE tags! Check the
thread
!
Quizzes
Events
Quiz Creation
Community
Videos
Private Events
Remove Ads
Sign In
Join for FREE
Feedback
Dark Mode
Quiz Categories
Sports
Geography
Music
Movies
Television
Just For Fun
Miscellaneous
History
Literature
Language
Science
Gaming
Entertainment
Religion
Holiday
For Kids
Quiz Lab
Recent
Popular Today
Quiz Kudos Today
Editor Picks
Curator Picks
Quizzes by...
Day
Popularity
Type
Ratings
Length
Year
Community
Subscriptions
Recent Discussions
Orange Saloon
Badges
Playlists
Quests
Create
Leaderboards
Showdown
Live 5
Trivia Bingo
Activity
Puzzle Library
Sporcle Events
Private Events
Virtual Trivia
Globe League
Become a Host
Pub Owners
SporcleCon
Opinionation
Our Games
Videos
Blog
Mobile Apps
Partnerships
Remove Ads and Go Orange
Feedback
Television
TV Characters
TV Show
Sitcom
Network
Friends
Reality Shows
Cast
South Park
Star Trek
The Simpsons
Doctor Who
Television
TV Characters
TV Show
Sitcom
Network
Friends
Reality Shows
Cast
South Park
Star Trek
The Simpsons
Doctor Who
Random Quiz
Search Sporcle
×
Quiz Lab
Quiz Lab
Television
Designer
Type in answers that appear in a list
Type in answers that appear in a list
Classic
Best Score? Go Orange.
Design Star Contestants Stats
Can you name the past and present contestants on HGTV's Design Star?
By
smartwizard
17m
77 Questions
20 Plays
20 Plays
20 Plays
Comments
Comments
Give Quiz Kudos
Give Quiz Kudos
-
- Ratings
hide this ad
More Info
Replay
Link that replays current quiz
Next Quiz
Link to next quiz in quiz playlist
You Got
0%
They Got
Avg Score
40%
Avg Friend Score
Upgrade to see
Score Distribution
Jump to the score distribution portion of the page
Score
0/77
Timer
17:00
0
Plays Today
Season
Contestant
% Correct
6
Meg Caswell
85%
1
David Bromstad
80%
4
Dan Vickery
80%
5
Daniel Grady Faires
80%
7
Danielle Colding
80%
7
Stanley Palmieri
65%
6
Karl Sponholtz
60%
6
Leslie Ezelle
60%
7
Britany Simon
60%
6
Mark Diaz
55%
7
Hilari Younger
55%
7
Mikel Welch
55%
7
Bex Hale
55%
7
Luca Paganico
55%
4
Antonio Ballatore
50%
6
Kellie Clements
50%
7
Rachel Kate
50%
7
Kris Swift
50%
7
Miera Melba
50%
7
Yuki Northington
50%
4
Nathan Galui
45%
4
Jen Guerin
45%
4
Amy Sklar
45%
5
Emily Henderson
45%
5
Tom Vecchione
45%
5
Nina Ferrer
45%
5
Julie Khuu
45%
6
Kevin Grace
45%
7
Jordan Cappella
45%
2
Will Smith
40%
3
Jennifer Bertrand
40%
4
Torie Halbert
40%
4
Jason Champion
40%
4
Tashica Morgan
40%
6
Doug Hines
40%
6
Blanche Garcia
40%
1
Alice Fakier
35%
1
Vanessa Deleon
35%
1
Joseph Kennard
35%
Season
Contestant
% Correct
3
Michael Stribling
35%
4
Jany Lee
35%
5
Michael Moeller
35%
5
Courtland Bascon
35%
5
Stacey Cohen
35%
6
Cathy Hobbs
35%
1
Tym De Santo
30%
1
Temple McDowell
30%
1
Teran Evans
30%
1
Teman Evans
30%
1
Ramona Jan
30%
2
Kim Myles
30%
2
Todd Davis
30%
2
Robb Mariani
30%
2
Josh Johnson
30%
2
Christina Ray
30%
2
Josh Foss
30%
3
Tracee Dore
30%
3
Stephanie Cook
30%
3
D. Paul DeRouen
30%
5
Casey Noble
30%
5
Alex Sanchez
30%
5
Tera Hampton
30%
6
Tyler Wisler
30%
1
Donna Moss
25%
2
Adriana Nussbaumer
25%
2
Scott Corridan
25%
2
Neeraja Lockart
25%
2
Lisa Millard
25%
3
Matt Locke
25%
3
Mikey Verdugo
25%
3
Scottie Miller
25%
4
NataLee Callahan
25%
5
Trent Hultgren
25%
3
Trish Beaudet
20%
6
Bret Ritter
20%
6
J Allen
20%
4
Lonni Paul
15%
Quiz Playlist
Details
Report
Send in Message
Add To Playlist
More Info:
Contestants are in the order reverse of which they went home within their seasons.
Classic:
Type in answers that appear in a list
Quiz Source
Last Updated: Feb 16, 2017
Quiz Scoreboard
CHALLENGE
Sign Up to Join the Scoreboard
Show All
Scores
Hide
Comments
May contain spoilers
Recently Published
Colored Red Africa Blitz
by spor1
Geography
30s
Find the 'City' Movie
by crazypaving
Movies
60s
5x2 Blitz: Bands
by SL_Kpop136
Music
30s
More to Explore
Quiz From the Vault
Featured Blog Post
14 Easter Pick-up Lines to Find Eggs With
hide this ad
You Might Also Like...
Tags
design
Designer
HGTV
Today's Top Quizzes in Television
Browse Television
hide this ad
Top Contributed Quizzes in Television
1
Survivor Journey Challenge
2
Brooklyn Nine Nine Logic Puzzle (How-To-Play)
3
Phoebe Buffay Quotes
4
One Tree Hill Logic Puzzle
5
Survivor Logic Puzzle: Heroes vs. Villains
6
Survivor Trivia
7
Game of Thrones: Tywin Lannister Start to Finish
8
All US Survivor Seasons in Order
9
Emmerdale Characters (from August 2012)
10
Survivor Trivia #6: Criteria Quiz!
Explore More
Trending Topics
Marvel
Disney
Kpop
Harry Potter
Crossword
NBA
Anime
Soccer
Puzzle
Song
NFL
WWE
The Office
Country
Pokémon
hide this ad
More By:
smartwizard
Quiz
Plays
Rating
Category
Featured
Created
16 and Pregnant Girls
583
3.75
Television
Jul 1, 2012
American Girl Characters
155
5.00
Literature
Jun 2, 2012
Design Star Contestants
20
Television
Jul 5, 2012
Advanced Harry Potter Actors Part 1
20
5.00
Movies
Apr 4, 2012
Advanced Harry Potter Actors 2
15
5.00
Movies
Apr 5, 2012
Go to Creator's Profile
Score Distribution
Quiz Creator Spotlight
smartwizard
Follow
Send a Message
Quizzes Created
-
Created Quiz Play Count
-
More By This Creator
Popular Quizzes Today
1
Find the 'City' Movie
2
5x2 Blitz: Bands
3
Colored Red Africa Blitz
4
Find the US States - No Outlines Minefield
5
The Countries of the World
6
Find the US States
7
9x9 Crossword: Cartoon Network
8
US States
More Television Quizzes
Brother TV
Quiz Lab
Trending Quizzes
Colored Red Europe Blitz I
Colored Red Africa Blitz II
Colored Red Africa Blitz III
Colored Red Europe Blitz III
Colored Red Europe Blitz II
Recently Updated
Champions League XIs: Real Madrid
pecheneg
Largest US Cities 1790-2010
pecheneg
Rides in Walt Disney World
pecheneg
Most Oscar Losses (Acting)
pecheneg
Beyoncé Albums
pecheneg
Leaping Animals
pecheneg
Reality TV Shows (A-Z)
bhenderson79
Rickey Henderson's Hall of Fame Teammates
pecheneg
Champions League XIs: Arsenal
pecheneg
Quick Pick: Celebrities in WWE's Hall of Fame
aduchscher
Trending Topics
Marvel
Harry Potter
Crossword
Kpop
Disney
NBA
Anime
Puzzle
Pokémon
Country
Soccer
WWE
Song
NFL
The Office
Your Account Isn't Verified!
In order to create a playlist on Sporcle, you need to verify the email address you used during registration. Go to your
Sporcle Settings
to finish the process.
Report this User
Report this user for behavior that violates our
Community Guidelines
.
Details:
Send Report
Go to the Sporcle.com Mobile Site →
Comments